| 000 | 00354nam a2200145Ia 4500 | ||
|---|---|---|---|
| 008 | 200615s9999||||xx |||||||||||||| ||und|| | ||
| 020 | _a978813180294 | ||
| 082 |
_a624 _bATB-B |
||
| 100 | _aBANSAL,RK | ||
| 245 | 0 | _aATB OF HYDRALUIC MACHINES AND FLUID MECHANICS | |
| 250 | _a1ST | ||
| 260 |
_aNew Delhi _bLAXMI PUB _c2017 |
||
| 300 | _a650 | ||
| 942 | _cBK | ||
| 999 |
_c28631 _d28631 |
||